000 00650nam a2200181Ia 4500
999 _c2678
_d2678
003 DO-SdBJH
005 20180416180827.0
008 180414s9999 dr 000 0 spa d
040 _aDO-SdBJH
_bspa
_cDO-SdBJH
090 _aDM FM 7-10 1990
110 _aInstituto de Cooperación para la Seguridad Hemisférica
245 1 0 _aFM 7-10 La compañía de infantería / Instituto de Cooperación para la Seguridad Hemisférica
260 _aFuerte Benning, Georgia : Cuartel General Secretaría del Ejército, 1990
300 _aviii, 471 páginas en varias paginaciones
504 _aIncluye apéndices
650 4 _aInfantería
942 _2ddc
_cBK